000
00229nam a22001097a 4500
082
_a
IJA
100
_a
Ijaz Hussain Khan
245
_a
Corrosin technology Volum 1
260
_a
Lahore
_b
AFAQ
_c
2010
300
_a
476
942
_c
BK
999
_c
16805
_d
16805